Statistics for 20 Countries With the Most Motor Vehicle Production

Click here to take the quiz!

General Stats

  • This quiz has been taken 61 times
  • The average score is 17 of 20

Answer Stats

Vehicles Produced in 2021Country% Correct
26,082,220China
100%
3,308,692Germany
100%
1,566,317Russia
100%
9,167,214United States
98%
7,846,955Japan
96%
932,488United Kingdom
96%
1,115,002Canada
95%
1,351,308France
95%
4,399,112India
93%
795,856Italy
93%
3,462,404South Korea
91%
2,248,253Brazil
89%
2,098,133Spain
88%
3,145,653Mexico
86%
1,276,140Turkey
73%
1,121,967Indonesia
68%
1,685,705Thailand
61%
1,111,432Czech Republic
57%
894,298Iran
57%
1,000,000Slovakia
45%

Score Distribution

Percentile by Number Answered

Percent of People with Each Score

Your Score History

You have not taken this quiz